000 00421cam a2200181ua 4500
001 7074
008 141122n ii |||gr||||Z||||||asm
040 _cMAIN
041 _aasm
082 _a330
100 _aBora, Arindam,
_eAuthor.
245 _aGanitik Arthabigyan
_cBy Arindam Bora
250 _a1st.
260 _aGolaghat:
_bSaraswati,
_c2013.
300 _a929p.
653 _aQuantitative economics
942 _cBK
999 _c6203
_d6203